000 01767nam a2200241Ia 4500
008 260220t1973||||xx |||||||||||||| ||spa||
040 _aPY-SlUNAC
_bspa
_erda
041 _aspa
082 _a550
_bEi23t
100 _aEicher, Dan L.
_eAutor
245 0 _aEl tiempo geológico /
_cpor Dan L. Eicher [Autor]
264 _aBarcelona :
_bOmega,
_c℗1973.
300 _a1 volumen
520 _aEl libro "El tiempo geológico" de Dan L. Eicher ofrece una profunda exploración de la historia de la Tierra desde su formación hasta el presente, abordando los procesos geológicos que han moldeado su superficie. Eicher presenta una cronología detallada de las eras geológicas, describiendo los cambios climáticos, las formaciones de continentes y océanos, así como la evolución de la vida a través de las diferentes épocas. A través de un enfoque multidisciplinario, el autor combina datos de la geología, paleontología y climatología para proporcionar un contexto integral sobre cómo la actividad tectónica, la erosión y otros fenómenos naturales han influido en la biodiversidad y el medio ambiente. Además, Eicher destaca la importancia de comprender el tiempo geológico en el estudio del cambio climático actual y sus implicaciones para el futuro del planeta. Este libro se presenta como un recurso valioso para estudiantes y entusiastas de las ciencias de la Tierra, ofreciendo tanto información técnica como un relato accesible sobre la historia geológica de nuestro mundo.
653 _aGeología
653 _aHistoria de la Tierra
653 _aTiempo geológico
942 _b2026/02/17
_cBK
999 _c7999
_d7999